Quiz sur les élections présidentielles américaines - Statistiques

Statistiques générales
  • Ce quiz a été pris 265 fois
  • Le résultat moyen est 10 sur 15
Statistiques - réponses
Question Réponse % Correct
Quel animal est l'emblème du parti républicain ? Eléphant
100%
Quel Etat apporte le plus grand nombre de grands électeurs ? Californie
88%
Lequel de ces Etats est considéré comme un "Swing State" ? Floride
88%
A quelle date a lieu l'investiture présidentielle ? 20 janvier
75%
Quel animal est l'emblème du parti démocrate ? Ane
75%
Quel est le seul homme qui a été président sans jamais avoir remporté l'élection présidentielle,ni comme candidat à la présidence,ni comme candidat à la vice-présidence ? Gerald Ford
75%
A quel mois l'élection a-t-elle lieu ? Novembre
75%
Quel est l'âge minimum requis pour se présenter à l'élection présidentielle américaine ? 35 ans
63%
Qui était le président le plus âgé au début de son premier mandat ? (70 ans) Donald Trump
63%
A quel jour de la semaine l'élection a-t-elle lieu ? Mardi
63%
En 2016,quel parti politique est arrivé 3e derrière le parti républicain et le parti démocrate ? Parti libertarien
50%
En 1992,un milliardaire se présente à l'élection présidentielle en tant que candidat indépendant et parvient à obtenir 19% des voix. Qui était cet homme ? Ross Perot
50%
Lequel de ces présidents n'a pas réussi à être réélu pour un second mandat ? Jimmy Carter
38%
Qui fut la première femme à être candidate officielle d'un grand parti à la vice-présidence ? Geraldine Ferraro
25%
Qui était le président le plus jeune au début de son premier mandat ? (42 ans) Théodore Roosevelt
25%
Aucun quiz correspondant
Distribution des résultats
% des personnes avec chaque résultat
Percentile par nombre de réponses
Votre historique - résultats
Vous n’avez pas pris ce quiz